000 00577nam a2200205Ia 4500
005 20230719090528.0
008 131103s9999 xx 000 0 und d
040 _aLoreto College
041 _aEnglish
082 _a994
_bHAS
100 _aHasluck,Paul
245 4 _aThe Government and the People
_b 1942 - 1945
_cPaul Hasluck
260 _a[s.l]
_bCanbarra
_c1970
300 _axv,771 p.
_b ill.,cartoons,maps
440 _aAustralia In The War Of 1939 - 1945
504 _aIncludes index
650 _aAustralia - History,1942 - 1945
850 _aLCLIB
942 _cBK
999 _c7954
_d58433